| Tag |
First Indicator |
Second Indicator |
Subfields |
| LEADER |
00000cam a2200000 a 4500 |
| 001 |
in00000075527 |
| 005 |
20151008053635.0 |
| 008 |
750827s1968 cu b 00010 spam |
| 010 |
|
|
|a 78244757
|
| 035 |
|
|
|a (OCoLC)01576912
|
| 035 |
|
|
|9 AAH8121AM
|
| 040 |
|
|
|a DLC
|c FUG
|d TXA
|d UtOrBLW
|
| 049 |
|
|
|a TXAM
|c [985358]
|
| 050 |
0 |
0 |
|a F1419.N4
|b F7
|
| 092 |
|
|
|a 326.09729
|b F825p
|
| 100 |
1 |
|
|a Franco, José Luciano,
|d 1891-1989.
|
| 245 |
1 |
3 |
|a La presencia negra en el Nuevo Mundo /
|c Jose Luciano Franco.
|
| 264 |
|
1 |
|a La Habana, Cuba :
|b Casa de las Americas,
|c 1968.
|
| 300 |
|
|
|a 135 pages ;
|c 24 cm.
|
| 336 |
|
|
|a text
|b txt
|2 rdacontent
|
| 337 |
|
|
|a unmediated
|b n
|2 rdamedia
|
| 338 |
|
|
|a volume
|b nc
|2 rdacarrier
|
| 490 |
1 |
|
|a Cuadernos de la revista Casa de las Americas ;
|v 7
|
| 504 |
|
|
|a Includes bibliographical references.
|
| 650 |
|
0 |
|a Blacks
|z Latin America.
|
| 830 |
|
0 |
|a Cuadernos de la revista Casa de las Americas ;
|v 7.
|
| 999 |
|
|
|a MARS
|
| 999 |
f |
f |
|s ba13207f-a549-3661-adbf-27aad08c2b4e
|i 20bd0859-acbb-37ac-bf3c-4ef096254091
|t 0
|
| 952 |
f |
f |
|p normal
|a Texas A&M University
|b College Station
|c Sterling C. Evans Library
|d Evans: Library Stacks
|t 0
|e F1419.B55 F7
|h Library of Congress classification
|i unmediated -- volume
|m A14806111694
|
| 998 |
f |
f |
|a F1419.B55 F7
|t 0
|l Evans: Library Stacks
|